Laboratories, their planning and fittings (Record no. 549246)
[ view plain ]
| 000 -LEADER | |
|---|---|
| fixed length control field | 00671cam a2200205K 4500 |
| 082 ## - DEWEY DECIMAL CLASSIFICATION NUMBER | |
| Classification number | 727.5 |
| Author Mark | MUN |
| -- | L-13, P-31 |
| 100 1# - MAIN ENTRY--PERSONAL NAME | |
| Personal name | Munby, Alan Edward, |
| 9 (RLIN) | 45800 |
| 245 10 - TITLE STATEMENT | |
| Title | Laboratories, their planning and fittings |
| 260 ## - PUBLICATION, DISTRIBUTION, ETC. | |
| Place of publication, distribution, etc. | London, |
| Name of publisher, distributor, etc. | Bell, |
| Date of publication, distribution, etc. | 1921. |
| 300 ## - PHYSICAL DESCRIPTION | |
| Extent | xix, 220 p. |
| Other physical details | ill. |
| 500 ## - GENERAL NOTE | |
| General note | Contains errata slip. |
| 526 ## - STUDY PROGRAM INFORMATION NOTE | |
| Program name | 0 |
| Interest level | 0 |
| Reading level | 0 |
| Title point value | 727_500000000000000_MUN |
| 650 #0 - SUBJECT ADDED ENTRY--TOPICAL TERM | |
| Topical term or geographic name entry element | Biological laboratories. |
| 9 (RLIN) | 45801 |
| 650 #0 - SUBJECT ADDED ENTRY--TOPICAL TERM | |
| Topical term or geographic name entry element | Chemical laboratories. |
| 9 (RLIN) | 45802 |
| 650 #0 - SUBJECT ADDED ENTRY--TOPICAL TERM | |
| Topical term or geographic name entry element | Laboratories. |
| 9 (RLIN) | 32850 |
| 650 #0 - SUBJECT ADDED ENTRY--TOPICAL TERM | |
| Topical term or geographic name entry element | Physical laboratories. |
| 9 (RLIN) | 45803 |
| 650 #2 - SUBJECT ADDED ENTRY--TOPICAL TERM | |
| Topical term or geographic name entry element | Laboratories. |
| 9 (RLIN) | 32850 |
| 856 40 - ELECTRONIC LOCATION AND ACCESS | |
| Uniform Resource Identifier | <a href="http://catalog.hathitrust.org/api/volumes/oclc/14782549.html">http://catalog.hathitrust.org/api/volumes/oclc/14782549.html</a> |
| 942 ## - ADDED ENTRY ELEMENTS (KOHA) | |
| Source of classification or shelving scheme | |
| Koha item type | Book |
| Withdrawn status | Lost status | Source of classification or shelving scheme | Damaged status | Not for loan | Permanent Location | Current Location | Date acquired | Total Checkouts | Full call number | Barcode | Date last seen | Price effective from | Koha item type |
|---|---|---|---|---|---|---|---|---|---|---|---|---|---|
| Military College of Engineering (MCE) | Military College of Engineering (MCE) | 09/19/2014 | 727.5 MUN | MCE-29567 | 09/19/2014 | 09/19/2014 | Book |
